LEADER 01473nam a2200337 a 4500 001 000000140936 003 CaOOAMICUS 005 20141215122737.0 008 141215s2014 it u000 u ita r 020 $a978-88-311-4952-5 040 $aPUL$bita 082 04$a264 100 1 $aSorci, Pietro.$0(OLS)http://pul/name/63368 245 10$aPaschale Mysterium :$bstudi di liturgia /$cPietro Sorci ; prefazione di Rosario La Delfa. 260 $aRoma :$bCittà Nuova,$c©2014$a[Palermo] :$bFacoltà teologia di Sicilia 300 $a989 p. ;$c21 cm 490 1 $aHo theológos ;$v04 504 $aBibliografia in nota. 610 24$aChiesa cattolica$xLiturgia.$0(OLS)http://pul/subject/10100 650 4$aLiturgia$xStudi.$0(OLS)http://pul/subject/13193 700 1 $aLa Delfa, Rosario.$0(OLS)http://pul/name/70425 830 0$aHo theológos (Città Nuova) ;$v04.$0(OLS)http://pul/title/174244 850 $aPUL 852 $aPUL$W1$xSL Religione 3$y85$m264 SORPI 1$j162700$qDDC 21$B162341$CPULBib$Z2$F162341 $H125081 $82 941 1 $a9 996 $6020$a978-88-311-4952-5$9(OLS)http://pul/number/156547 996 $6082$a264$9(OLS)http://pul/classification/492 996 $6245$aPaschale Mysterium :$bstudi di liturgia$9(OLS)http://pul/title/178326 996 $6260$aRoma :$bCittà Nuova$9(OLS)http://pul/publisher/47927 996 $6260$a[Palermo] :$bFacoltà teologia di Sicilia$9(OLS)http://pul/publisher/82641 LEADER 01302nam a2200301 a 4500 001 000000121127 003 CaOOAMICUS 005 20100409150211.0 008 100409t2009 it u000 u ita r 020 $a978-88-598-0403-1 040 $aPUL$bita$dReb 082 04$a345.4505 245 00$aImpugnazioni /$ca cura di Giorgio Spangher. 260 $aTorino :$bUTET Giuridica,$c©2009. 300 $axvi, 1016 p. ;$c25 cm. 490 1 $aTrattato di procedura penale ;$vVolume 5 504 $aBibliografia in nota. 650 4$aProcedura penale$zItalia.$0(OLS)http://pul/subject/12686 650 4$aImpugnazioni (diritto penale).$0(OLS)http://pul/subject/35235 700 1 $aSpangher, Giorgio,$d1944-$0(OLS)http://pul/name/65957 830 0$aTrattato di procedura penale (UTET Giuridica) ;$vVolume 5.$0(OLS)http://pul/title/145809 850 $aPUL 852 $aPUL$W1$xSL Diritto e Scienze Sociali 3$y79$m345. 4505 SPAGI 1.5$j138887$qDDC 21$q $B138126$CPULBib$Z2$F138126 $H112339 $81 941 1 $a9 996 $6020$a978-88-598-0403-1$9(OLS)http://pul/number/143788 996 $6082$a345.4505$9(OLS)http://pul/classification/385 996 $6245$aImpugnazioni$9(OLS)http://pul/title/152322 996 $6260$aTorino :$bUTET Giuridica$9(OLS)http://pul/publisher/79191